000 00685nam a2200253 i 4500
001 C2-0300483
003 PPAK
005 20180728082008.0
008 091105s2007 my |||| ||||| | may d
020 _a9833603289
040 _aPPAK
_beng
_cPPAK
_erda
082 0 4 _a371.59
_223
090 0 0 _a371.59
_bAHM
_dG
100 0 _aAhmad Fadzli Yusof,
_eauthor
245 1 0 _aResipi kejayaan untuk kapten sukan
264 1 _aBentong, Pahang :
_bPTS Millennia ,
_c2007
300 _axi, 195 pages ;
_c19 cm
336 _2rdacontent
_atext
337 _2rdamedia
_aunmediated
338 _2rdacarrier
_avolume
650 1 0 _aEducational leadership
700 _eauthor
942 _ddc
_cB
999 _c104368
_d104368